[Event "Harkany Tenkes Cup 33rd"]
[Site "Harkany"]
[Date "2009.11.28"]
[Round "3"]
[White "Kovacs, Klara"]
[Black "Kocsis, Laszlo"]
[Result "1-0"]
[WhiteElo "2195"]
[BlackElo "1907"]
[PlyCount "73"]
[EventDate "2009.11.26"]
[EventType "swiss"]
[EventRounds "9"]
[EventCountry "HUN"]
[SourceTitle "EXT 2011"]
[Source "ChessBase"]
[SourceDate "2010.11.26"]
[SourceVersion "1"]
[SourceVersionDate "2010.11.26"]
[SourceQuality "1"]

1. e4 c5 2. Nf3 e6 3. d4 cxd4 4. Nxd4 Nf6 5. Nc3 Nc6 6. Ndb5 Bb4 7. a3 Bxc3+ 8. Nxc3 d5 9. Bd3 dxe4 10. Nxe4 Nxe4 11. Bxe4 Qxd1+ 12. Kxd1 Bd7 13. Be3 0-0 14. Ke2 f5 15. Bf3 e5 16. Bd5+ Kh8 17. Rhd1 Rfe8 18. c3 f4 19. Bc5 e4 20. Kf1 Bg4 21. Re1 Bf5 22. Rad1 Bg4 23. Bxc6 bxc6 24. Rd6 f3 25. Rxc6 fxg2+ 26. Kxg2 Bf3+ 27. Kg3 Re5 28. Kf4 Rae8 29. Bd4 R5e7 30. Ra6 Rf7+ 31. Ke3 Bg4 32. Rxa7 Rf3+ 33. Kd2 Rd3+ 34. Kc2 Rxd4 35. cxd4 Bf5 36. Kd2 Rc8 37. Rc1 1-0

[Event "Harkany Tenkes Cup 33rd"]
[Site "Harkany"]
[Date "2009.11.26"]
[Round "1"]
[White "Vrban, Mladen"]
[Black "Kocsis, Laszlo"]
[Result "1-0"]
[WhiteElo "2315"]
[BlackElo "1907"]
[PlyCount "49"]
[EventDate "2009.11.26"]
[EventType "swiss"]
[EventRounds "9"]
[EventCountry "HUN"]
[SourceTitle "EXT 2011"]
[Source "ChessBase"]
[SourceDate "2010.11.26"]
[SourceVersion "1"]
[SourceVersionDate "2010.11.26"]
[SourceQuality "1"]

1. e4 c5 2. Nf3 e6 3. d3 Nc6 4. g3 g6 5. Bg2 Bg7 6. 0-0 Nge7 7. c3 0-0 8. Be3 b6 9. d4 cxd4 10. Nxd4 Ba6 11. Re1 Ne5 12. b3 Rc8 13. c4 d5 14. f4 dxc4 15. fxe5 Bxe5 16. Na3 cxb3 17. axb3 Rc3 18. Nac2 Bd3 19. Qd2 Qc8 20. Nb4 Rd8 21. Rac1 Bxd4 22. Bxd4 Rxc1 23. Rxc1 Qd7 24. Bf6 Bb5 25. Qh6 1-0

[Event "HUN-chT2 Asztalos 0607"]
[Site "Hungary"]
[Date "2007.03.25"]
[Round "7"]
[White "Kocsis, Laszlo"]
[Black "Weisz, Tamas"]
[Result "1/2-1/2"]
[WhiteElo "1983"]
[BlackElo "1952"]
[PlyCount "31"]
[EventDate "2006.11.12"]
[EventType "team"]
[EventRounds "11"]
[EventCountry "HUN"]
[SourceTitle "EXT 2008"]
[Source "ChessBase"]
[SourceDate "2007.11.25"]
[SourceVersion "1"]
[SourceVersionDate "2007.11.25"]
[SourceQuality "1"]
[WhiteTeam "Pecs Karmin"]
[BlackTeam "Szenna Pack II"]
[WhiteTeamCountry "HUN"]
[BlackTeamCountry "HUN"]

1. e4 e5 2. Nf3 Nc6 3. Bb5 a6 4. Ba4 Nf6 5. 0-0 Be7 6. Re1 b5 7. Bb3 0-0 8. h3 d6 9. c3 Na5 10. Bc2 c5 11. d4 exd4 12. cxd4 Bb7 13. b3 Qc7 14. Bb2 Rac8 15. Nbd2 Rfe8 16. Rc1 1/2-1/2

[Event "Balatonlelle op-B"]
[Site "Balatonlelle"]
[Date "2006.06.25"]
[Round "9.13"]
[White "Revesz, Kinga"]
[Black "Kocsis, Laszlo"]
[Result "1/2-1/2"]
[WhiteElo "1894"]
[BlackElo "2007"]
[PlyCount "30"]
[EventDate "2006.06.17"]
[EventType "swiss"]
[EventRounds "9"]
[EventCountry "HUN"]
[SourceTitle "EXT 2007"]
[Source "ChessBase"]
[SourceDate "2006.11.23"]
[SourceVersion "1"]
[SourceVersionDate "2006.11.23"]
[SourceQuality "1"]

1. e4 c5 2. c3 d5 3. exd5 Qxd5 4. d4 Nf6 5. Nf3 e6 6. Be3 cxd4 7. cxd4 Be7 8. Nc3 Qd8 9. Bd3 0-0 10. 0-0 Nc6 11. a3 b6 12. Qe2 Bb7 13. Rad1 Nd5 14. Ne4 h6 15. Bb1 Rc8 1/2-1/2

[Event "Balatonlelle op-B"]
[Site "Balatonlelle"]
[Date "2006.06.20"]
[Round "4.10"]
[White "Porat, Mordehi"]
[Black "Kocsis, Laszlo"]
[Result "1/2-1/2"]
[WhiteElo "1856"]
[BlackElo "2007"]
[PlyCount "20"]
[EventDate "2006.06.17"]
[EventType "swiss"]
[EventRounds "9"]
[EventCountry "HUN"]
[SourceTitle "EXT 2007"]
[Source "ChessBase"]
[SourceDate "2006.11.23"]
[SourceVersion "1"]
[SourceVersionDate "2006.11.23"]
[SourceQuality "1"]

1. e4 c5 2. c3 d5 3. exd5 Qxd5 4. d4 Nf6 5. Nf3 e6 6. Be2 cxd4 7. cxd4 Nc6 8. Nc3 Qd8 9. 0-0 Be7 10. a3 0-0 1/2-1/2

[Event "Balatonlelle op-B"]
[Site "Balatonlelle"]
[Date "2006.06.17"]
[Round "1.20"]
[White "Kocsis, Laszlo"]
[Black "Kende, Matyas"]
[Result "1-0"]
[WhiteElo "2007"]
[BlackElo "1711"]
[PlyCount "115"]
[EventDate "2006.06.17"]
[EventType "swiss"]
[EventRounds "9"]
[EventCountry "HUN"]
[SourceTitle "EXT 2007"]
[Source "ChessBase"]
[SourceDate "2006.11.23"]
[SourceVersion "1"]
[SourceVersionDate "2006.11.23"]
[SourceQuality "1"]

1. e4 c5 2. Nf3 Nc6 3. d4 cxd4 4. Nxd4 g6 5. c4 Bg7 6. Be3 Nf6 7. Nc3 0-0 8. Be2 d6 9. 0-0 Ne8 10. Qd2 f5 11. f4 Nf6 12. exf5 Nxd4 13. Bxd4 Bxf5 14. Bf3 Qc7 15. Rae1 Rfe8 16. b3 e5 17. Nd5 Nxd5 18. Bxd5+ Kh8 19. fxe5 dxe5 20. Be3 e4 21. Bd4 Be5 22. Bxe4 Rad8 23. Bd5 Qd6 24. Bxe5+ Rxe5 25. Qd4 Rde8 26. Re3 Kg7 27. Rfe1 Kf6 28. Rxe5 Rxe5 29. Kf2 g5 30. h3 h5 31. Qxe5+ Qxe5 32. Rxe5 Kxe5 33. Ke3 Bb1 34. a3 Ba2 35. Bxb7 Bxb3 36. Bd5 a5 37. g3 a4 38. h4 gxh4 39. gxh4 Kf5 40. Kf3 Ke5 41. Ke3 Kf5 42. Bf3 Bxc4 43. Bxh5 Kf6 44. Kd4 Bb3 45. Kc5 Ke7 46. Kb4 Bc2 47. Bf3 Kf6 48. Bc6 Kg6 49. Bxa4 Bd3 50. Be8+ Kg7 51. h5 Kh6 52. a4 Be2 53. Kc5 Ba6 54. Kb6 Bc8 55. a5 Kg7 56. Bc6 Bg4 57. a6 Bc8 58. a7 1-0

[Event "HUN-chT2 Asztalos 0506"]
[Site "Hungary"]
[Date "2006.04.23"]
[Round "11"]
[White "Forster, Tamas"]
[Black "Kocsis, Laszlo"]
[Result "1-0"]
[WhiteElo "2068"]
[BlackElo "2014"]
[PlyCount "61"]
[EventDate "2005.10.16"]
[EventType "team"]
[EventRounds "11"]
[EventCountry "HUN"]
[SourceTitle "EXT 2009"]
[Source "ChessBase"]
[SourceDate "2008.11.26"]
[SourceVersion "1"]
[SourceVersionDate "2008.11.26"]
[SourceQuality "1"]
[WhiteTeam "Szekszard"]
[BlackTeam "Pecs Karmin"]
[WhiteTeamCountry "HUN"]
[BlackTeamCountry "HUN"]

1. e4 e6 2. d4 d5 3. Nc3 Nf6 4. Bg5 Be7 5. e5 Nfd7 6. h4 h6 7. Be3 a6 8. Qg4 g6 9. Bd3 h5 10. Qg3 Rg8 11. Nf3 c5 12. 0-0 Nc6 13. dxc5 Nxc5 14. Rad1 Qc7 15. Ne2 Bd7 16. c3 0-0-0 17. Bc2 Ne4 18. Bxe4 dxe4 19. Ng5 Qxe5 20. Bf4 Qf5 21. Nd4 Qg4 22. Qh2 e5 23. Bxe5 Bxg5 24. hxg5 Qxg5 25. Nxc6 Bxc6 26. Bb8 Qe7 27. Bd6 Qe6 28. Rd4 Rd7 29. Rfd1 Rgd8 30. Bb8 b5 31. Ba7 1-0

[Event "HUN-chT2 Asztalos 0506"]
[Site "Hungary"]
[Date "2005.11.27"]
[Round "4"]
[White "Kocsis, Laszlo"]
[Black "Thurmer, Jeno"]
[Result "1/2-1/2"]
[WhiteElo "2014"]
[BlackElo "2123"]
[PlyCount "29"]
[EventDate "2005.10.16"]
[EventType "team"]
[EventRounds "11"]
[EventCountry "HUN"]
[SourceTitle "EXT 2009"]
[Source "ChessBase"]
[SourceDate "2008.11.26"]
[SourceVersion "1"]
[SourceVersionDate "2008.11.26"]
[SourceQuality "1"]
[WhiteTeam "Pecs Karmin"]
[BlackTeam "Komlo Banyasz"]
[WhiteTeamCountry "HUN"]
[BlackTeamCountry "HUN"]

1. e4 c5 2. Nf3 Nc6 3. d4 cxd4 4. Nxd4 Nf6 5. Nc3 e5 6. Ndb5 d6 7. Bg5 a6 8. Na3 b5 9. Nd5 Be7 10. Bxf6 Bxf6 11. c3 Bg5 12. Nc2 Rb8 13. a4 bxa4 14. Ncb4 Nxb4 15. Nxb4 1/2-1/2

[Event "HUN-chT2 Asztalos 0405"]
[Site "Hungary"]
[Date "2005.03.06"]
[Round "9"]
[White "Kis, Jozsef1111"]
[Black "Kocsis, Laszlo"]
[Result "1-0"]
[WhiteElo "2122"]
[BlackElo "2060"]
[PlyCount "63"]
[EventDate "2004.09.26"]
[EventType "team"]
[EventRounds "11"]
[EventCountry "HUN"]
[SourceTitle "EXT 2009"]
[Source "ChessBase"]
[SourceDate "2008.11.26"]
[SourceVersion "1"]
[SourceVersionDate "2008.11.26"]
[SourceQuality "1"]
[WhiteTeam "Paks II"]
[BlackTeam "Pecs Karmin"]
[WhiteTeamCountry "HUN"]
[BlackTeamCountry "HUN"]

1. d4 Nf6 2. c4 e6 3. Nc3 c5 4. d5 exd5 5. cxd5 d6 6. e4 g6 7. f4 Bg7 8. Bb5+ Nfd7 9. a4 0-0 10. Nf3 Nf6 11. 0-0 Nbd7 12. e5 dxe5 13. fxe5 Ng4 14. e6 fxe6 15. dxe6 Qc7 16. exd7 Bd4+ 17. Kh1 Rxf3 18. d8Q+ Qxd8 19. Qxf3 Be6 20. Qe4 Bf5 21. Qd5+ Kh8 22. Qxd8+ Rxd8 23. Bg5 Rf8 24. Bh4 Ne3 25. Rf3 Kg7 26. Re1 a6 27. Bf1 Ng4 28. Re7+ Kg8 29. Bc4+ Kh8 30. Bg3 Bf6 31. Rf7 Rxf7 32. Bxf7 1-0

[Event "HUN-chT2 Asztalos 0304"]
[Site "Hungary"]
[Date "2004.04.04"]
[Round "10"]
[White "Kocsis, Laszlo"]
[Black "Szarvas, Zoltan"]
[Result "1/2-1/2"]
[WhiteElo "2083"]
[BlackElo "2177"]
[PlyCount "41"]
[EventDate "2003.08.29"]
[EventType "team"]
[EventRounds "11"]
[EventCountry "HUN"]
[SourceTitle "EXT 2009"]
[Source "ChessBase"]
[SourceDate "2008.11.26"]
[SourceVersion "1"]
[SourceVersionDate "2008.11.26"]
[SourceQuality "1"]
[WhiteTeam "Pecs Karmin"]
[BlackTeam "Pannonpower"]
[WhiteTeamCountry "HUN"]
[BlackTeamCountry "HUN"]

1. e4 e6 2. d4 d5 3. Nd2 Nf6 4. e5 Nfd7 5. Bd3 c5 6. c3 Nc6 7. Ne2 cxd4 8. cxd4 f6 9. exf6 Nxf6 10. Nf3 Bd6 11. Bf4 0-0 12. 0-0 Bxf4 13. Nxf4 Ng4 14. Qd2 Qd6 15. g3 Bd7 16. Rae1 e5 17. Nxe5 Ncxe5 18. dxe5 Nxe5 19. Be4 Bc6 20. Qd4 Kh8 21. Bg2 1/2-1/2

[Event "HUN-chT2 Asztalos 0304"]
[Site "Hungary"]
[Date "2003.12.07"]
[Round "5"]
[White "Kocsis, Laszlo"]
[Black "Forster, Tamas"]
[Result "0-1"]
[WhiteElo "2083"]
[BlackElo "2075"]
[PlyCount "42"]
[EventDate "2003.08.29"]
[EventType "team"]
[EventRounds "11"]
[EventCountry "HUN"]
[SourceTitle "EXT 2009"]
[Source "ChessBase"]
[SourceDate "2008.11.26"]
[SourceVersion "1"]
[SourceVersionDate "2008.11.26"]
[SourceQuality "1"]
[WhiteTeam "Pecs Karmin"]
[BlackTeam "Gepelem"]
[WhiteTeamCountry "HUN"]
[BlackTeamCountry "HUN"]

1. e4 e6 2. d4 d5 3. Nc3 Bb4 4. e5 Ne7 5. a3 Bxc3+ 6. bxc3 c5 7. Nf3 Bd7 8. Bd3 Ba4 9. 0-0 Qc7 10. Bd2 Nd7 11. Rb1 a6 12. Ng5 h6 13. Qh5 g6 14. Qh3 c4 15. Be2 Bxc2 16. Rb2 Ba4 17. Rfb1 b5 18. Bf4 Qc6 19. Re1 Nf8 20. Qh4 Nf5 21. Bg3 Nxh4 0-1

[Event "HUN-chT2 Asztalos 0203"]
[Site "Hungary"]
[Date "2002.11.24"]
[Round "3"]
[White "Bocska, Janos"]
[Black "Kocsis, Laszlo"]
[Result "1-0"]
[WhiteElo "2075"]
[BlackElo "2135"]
[PlyCount "97"]
[EventDate "2002.09.22"]
[EventType "team"]
[EventRounds "11"]
[EventCountry "HUN"]
[SourceTitle "EXT 2009"]
[Source "ChessBase"]
[SourceDate "2008.11.26"]
[SourceVersion "1"]
[SourceVersionDate "2008.11.26"]
[SourceQuality "1"]

1. e4 c5 2. Nf3 d6 3. d4 cxd4 4. Qxd4 Nc6 5. Bb5 Bd7 6. Bxc6 Bxc6 7. Nc3 Nf6 8. Bg5 e6 9. Rd1 Be7 10. 0-0 0-0 11. Qe3 Qc7 12. Rd3 Rfd8 13. Rfd1 e5 14. h3 b5 15. Bxf6 Bxf6 16. Qd2 Be7 17. Nd5 Bxd5 18. Rxd5 Qb6 19. Qb4 a5 20. Qxb5 Qc7 21. Qd3 Rdc8 22. c3 g6 23. Rb5 Qc4 24. Qd5 Qxd5 25. Rdxd5 a4 26. a3 f5 27. exf5 gxf5 28. Rb7 Kf8 29. Rdb5 h6 30. g3 Kf7 31. Nh4 Kf6 32. Nxf5 Kxf5 33. Rxe7 Ke4 34. Kg2 Rf8 35. Rb4+ Kd5 36. c4+ Kc6 37. Rbb7 Kc5 38. Rbc7+ Kd4 39. Red7 Rf6 40. Ra7 Raf8 41. f4 exf4 42. g4 Kxc4 43. Rxa4+ Kd3 44. Rc7 Re8 45. Rc3+ Ke2 46. Rc2+ Kd3 47. Rac4 f3+ 48. Kf1 d5 49. R2c3+ 1-0

[Event "Harkany Tenkes Cup 26th"]
[Site "Harkany"]
[Date "2002.11.14"]
[Round "1"]
[White "Kocsis, Laszlo"]
[Black "Vajda, Szidonia"]
[Result "0-1"]
[WhiteElo "2135"]
[BlackElo "2365"]
[PlyCount "80"]
[EventDate "2002.11.14"]
[EventType "swiss"]
[EventRounds "9"]
[EventCountry "HUN"]
[SourceTitle "EXT 2008"]
[Source "ChessBase"]
[SourceDate "2007.11.25"]
[SourceVersion "1"]
[SourceVersionDate "2007.11.25"]
[SourceQuality "1"]

1. e4 c5 2. Nf3 d6 3. d4 cxd4 4. Nxd4 Nf6 5. Nc3 a6 6. Be3 e5 7. Nb3 Be7 8. f3 Be6 9. Qd2 0-0 10. 0-0-0 b5 11. g4 b4 12. Nd5 Bxd5 13. exd5 a5 14. Kb1 Qc7 15. Bd3 a4 16. Nc1 Ra5 17. Be4 Na6 18. g5 Nxe4 19. fxe4 Nc5 20. Qg2 b3 21. cxb3 axb3 22. a3 Rb8 23. Nd3 Nxe4 24. Rc1 Nc5 25. Rc4 Ra4 26. Rxa4 Nxa4 27. Rc1 Qd7 28. Nb4 Qf5+ 29. Ka1 Bf8 30. Nc6 Ra8 31. Nb4 Nc5 32. Nc6 e4 33. Bxc5 dxc5 34. Qd2 e3 35. Qxe3 Qxd5 36. Ne7+ Bxe7 37. Qxe7 c4 38. Qc7 Re8 39. a4 g6 40. a5 Ra8 0-1

[Event "HUN-chT2 Asztalos 0203"]
[Site "Hungary"]
[Date "2002.10.13"]
[Round "2"]
[White "Adzic, Slobodan"]
[Black "Kocsis, Laszlo"]
[Result "1/2-1/2"]
[WhiteElo "2202"]
[BlackElo "2135"]
[PlyCount "40"]
[EventDate "2002.09.22"]
[EventType "team"]
[EventRounds "11"]
[EventCountry "HUN"]
[SourceTitle "EXT 2009"]
[Source "ChessBase"]
[SourceDate "2008.11.26"]
[SourceVersion "1"]
[SourceVersionDate "2008.11.26"]
[SourceQuality "1"]

1. e4 c5 2. Nf3 a6 3. d4 cxd4 4. Nxd4 Nf6 5. Nc3 d6 6. g3 g6 7. Bg2 Bg7 8. 0-0 0-0 9. h3 Qc7 10. Re1 Nc6 11. Nde2 b5 12. Nd5 Nxd5 13. exd5 Ne5 14. Nd4 Bb7 15. c3 Rfe8 16. a4 Qb6 17. Qe2 b4 18. Be3 bxc3 19. Nb5 Qa5 20. Nxc3 Rac8 1/2-1/2

[Event "HUN-chT3 0102"]
[Site "Hungary"]
[Date "2002.03.24"]
[Round "9"]
[White "Kocsis, Laszlo"]
[Black "Halasz, Attila"]
[Result "1/2-1/2"]
[WhiteElo "2135"]
[BlackElo "2260"]
[PlyCount "31"]
[EventDate "2001.09.30"]
[EventType "team"]
[EventRounds "11"]
[EventCountry "HUN"]
[SourceTitle "EXT 2004"]
[Source "ChessBase"]
[SourceDate "2003.11.25"]
[SourceVersion "1"]
[SourceVersionDate "2003.11.25"]
[SourceQuality "1"]

1. e4 c6 2. d4 d5 3. exd5 cxd5 4. c4 Nf6 5. Nc3 g6 6. Qb3 Bg7 7. cxd5 0-0 8. Be2 Nbd7 9. Bf3 Nb6 10. Bg5 Bf5 11. Nge2 Qd7 12. 0-0 Bd3 13. Rfe1 Bc4 14. Qa3 Bxd5 15. Nxd5 Nfxd5 16. Nc3 1/2-1/2

[Event "HUN-chT3 0102"]
[Site "Hungary"]
[Date "2002.03.03"]
[Round "8.3"]
[White "Kocsis, Laszlo"]
[Black "Hegedus, Gyula"]
[Result "0-1"]
[WhiteElo "2135"]
[BlackElo "2096"]
[PlyCount "78"]
[EventDate "2001.09.30"]
[EventType "team"]
[EventRounds "11"]
[EventCountry "HUN"]
[SourceTitle "EXT 2004"]
[Source "ChessBase"]
[SourceDate "2003.11.25"]
[SourceVersion "1"]
[SourceVersionDate "2003.11.25"]
[SourceQuality "1"]

1. e4 e5 2. Nf3 Nc6 3. Bb5 a6 4. Ba4 d6 5. c3 Bd7 6. 0-0 Nge7 7. d4 Ng6 8. Re1 Be7 9. Nbd2 h6 10. Nf1 Bg5 11. Ng3 Kf8 12. dxe5 Ngxe5 13. Nxe5 dxe5 14. Bb3 g6 15. Qf3 Qe7 16. Be3 Nd8 17. Rad1 Ne6 18. Rd5 Bf4 19. Ne2 Ng5 20. Qxf4 exf4 21. Bc5 f3 22. Bxe7+ Kxe7 23. Nd4 c6 24. Rc5 fxg2 25. Kxg2 Kd6 26. Ra5 c5 27. e5+ Kc7 28. Rxc5+ Kb6 29. Rd5 Rad8 30. Rd6+ Kc7 31. h4 Nh7 32. Rd1 f6 33. f4 g5 34. Ne6+ Bxe6 35. Bxe6 gxf4 36. Rd7+ Rxd7 37. Rxd7+ Kb8 38. Bd5 fxe5 39. Rxb7+ Kc8 0-1

[Event "HUN-chT3 0102"]
[Site "Hungary"]
[Date "2002.02.10"]
[Round "7.2"]
[White "Kocsis, Laszlo"]
[Black "Percze, Janos"]
[Result "0-1"]
[WhiteElo "2135"]
[BlackElo "2206"]
[PlyCount "70"]
[EventDate "2001.09.30"]
[EventType "team"]
[EventRounds "11"]
[EventCountry "HUN"]
[SourceTitle "EXT 2004"]
[Source "ChessBase"]
[SourceDate "2003.11.25"]
[SourceVersion "1"]
[SourceVersionDate "2003.11.25"]
[SourceQuality "1"]

1. e4 c5 2. Nf3 Nc6 3. Bb5 g6 4. c3 Nf6 5. e5 Nd5 6. 0-0 Bg7 7. d4 cxd4 8. cxd4 0-0 9. Nc3 Nxc3 10. bxc3 d6 11. exd6 Qxd6 12. Be3 Bg4 13. h3 Bf5 14. Qd2 Rfd8 15. Rad1 a6 16. Bc4 Na5 17. Be2 Rac8 18. Nh4 Be6 19. f4 Nc4 20. Bxc4 Bxc4 21. Rf2 e6 22. Nf3 b5 23. Ne5 Bd5 24. Nd3 Qc6 25. Nc5 Bf8 26. Nd3 Qxc3 27. Nc5 Qxd2 28. Rfxd2 a5 29. a3 b4 30. axb4 axb4 31. Rb2 b3 32. Rc1 Ra8 33. Rc3 Ra2 34. Rxa2 bxa2 35. Ra3 Rb8 0-1

[Event "HUN-chT3 0102"]
[Site "Hungary"]
[Date "2002.01.27"]
[Round "6.3"]
[White "Kocsis, Laszlo"]
[Black "Remenyi, Lajos Jr"]
[Result "1/2-1/2"]
[WhiteElo "2150"]
[BlackElo "2176"]
[PlyCount "41"]
[EventDate "2001.09.30"]
[EventType "team"]
[EventRounds "11"]
[EventCountry "HUN"]
[SourceTitle "EXT 2004"]
[Source "ChessBase"]
[SourceDate "2003.11.25"]
[SourceVersion "1"]
[SourceVersionDate "2003.11.25"]
[SourceQuality "1"]

1. e4 d6 2. d4 Nf6 3. Nc3 g6 4. f4 Bg7 5. Nf3 0-0 6. Bd3 c6 7. 0-0 b5 8. e5 dxe5 9. fxe5 Nd5 10. Ne4 Nb4 11. Be3 Nxd3 12. cxd3 Be6 13. Qd2 Nd7 14. Nfg5 Bd5 15. e6 fxe6 16. Rxf8+ Qxf8 17. Rf1 Nf6 18. Nc5 Qc8 19. h3 Nh5 20. Qf2 Nf6 21. Qh4 1/2-1/2

[Event "Harkany Tenkes Cup 25th"]
[Site "Harkany"]
[Date "2001.11.23"]
[Round "5"]
[White "Kocsis, Laszlo"]
[Black "Dlauchy, Peter"]
[Result "1/2-1/2"]
[WhiteElo "2150"]
[BlackElo "2003"]
[PlyCount "27"]
[EventDate "2001.11.19"]
[EventType "swiss"]
[EventRounds "9"]
[EventCountry "HUN"]
[SourceTitle "EXT 2004"]
[Source "ChessBase"]
[SourceDate "2003.11.25"]
[SourceVersion "1"]
[SourceVersionDate "2003.11.25"]
[SourceQuality "1"]

1. e4 e6 2. d4 d5 3. e5 c5 4. c3 Nc6 5. Nf3 Qb6 6. Be2 cxd4 7. cxd4 Nge7 8. Na3 Nf5 9. Nc2 Bb4+ 10. Kf1 Be7 11. b3 Bd7 12. g4 Nh4 13. Nxh4 Bxh4 14. Be3 1/2-1/2

[Event "Harkany Tenkes Cup 25th"]
[Site "Harkany"]
[Date "2001.11.22"]
[Round "4"]
[White "Parkanyi, Attila"]
[Black "Kocsis, Laszlo"]
[Result "1-0"]
[WhiteElo "2376"]
[BlackElo "2150"]
[PlyCount "61"]
[EventDate "2001.11.19"]
[EventType "swiss"]
[EventRounds "9"]
[EventCountry "HUN"]
[SourceTitle "EXT 2004"]
[Source "ChessBase"]
[SourceDate "2003.11.25"]
[SourceVersion "1"]
[SourceVersionDate "2003.11.25"]
[SourceQuality "1"]

1. e4 e6 2. d4 d5 3. e5 c5 4. c3 Nc6 5. Nf3 Qb6 6. Be2 cxd4 7. cxd4 Nge7 8. Na3 Nf5 9. Nc2 h5 10. 0-0 a5 11. b3 Bd7 12. Rb1 Be7 13. a3 0-0 14. h3 Rfc8 15. g4 hxg4 16. hxg4 Nh4 17. Nxh4 Bxh4 18. g5 g6 19. Bd3 Kg7 20. Kg2 Rh8 21. Qf3 Qd8 22. Qf6+ Kg8 23. Be3 Rh5 24. f4 Ne7 25. Rbc1 Nf5 26. Qxd8+ Rxd8 27. Bxf5 exf5 28. a4 Rc8 29. Na3 Rxc1 30. Rxc1 Bc6 31. Bd2 1-0